Zisk verzus etika – základný problém podnikateľskej etiky bakalárska práca

Guardado en:
Detalles Bibliográficos
Autor principal: Kunik, Adrián
Autor Corporativo: Fakulta hospodárskej informatiky EU. Katedra účtovníctva a audítorstva
Otros Autores: Vlkoláčková, Miroslava
Formato: Libro
Lenguaje:eslovaco
Publicado: Bratislava 2011
Etiquetas: Agregar Etiqueta
Sin Etiquetas, Sea el primero en etiquetar este registro!

MARC

LEADER 00000nbm a2200000 4500
001 0141124
005 20161109111735.9
041 0 |a slo 
044 |a SK 
245 1 0 |a Zisk verzus etika – základný problém podnikateľskej etiky  |b bakalárska práca  |c Adrián Kunik ; školiteľ: Miroslava Vlkoláčková 
264 1 |a Bratislava  |c 2011 
300 |a 40 s. 
100 1 |a Kunik, Adrián 
700 1 |a Vlkoláčková, Miroslava 
710 2 |a Fakulta hospodárskej informatiky EU. Katedra účtovníctva a audítorstva